| 000 | 00743 a2200253 4500 | ||
|---|---|---|---|
| 003 | OSt | ||
| 005 | 20180116192343.0 | ||
| 008 | 120531t xxu||||| |||| 00| 0 eng d | ||
| 010 | _a 93013883 | ||
| 020 | _a0442014058 | ||
| 020 | _a9780471285526 | ||
| 040 | _c0 | ||
| 082 | 0 | 0 | _a745.4 |
| 100 | 1 |
_aWong, Wucius. _92809 |
|
| 245 | 1 | 0 |
_aPrinciples of form and design / _cWucius Wong. |
| 260 |
_aNew York : _bVan Nostrand Reinhold, _cc1993. |
||
| 300 |
_a352 p. : _bill. ; _c24 cm. |
||
| 500 | _aIncludes index. | ||
| 650 | 0 |
_aComputer-aided design. _92810 |
|
| 650 | 0 |
_aForm (Aesthetics). _92811 |
|
| 650 | 0 |
_aDesign. _92812 |
|
| 942 |
_aSADA _cBK _k745.4 WON 1993 _2ddc |
||
| 999 |
_c352720 _d352720 |
||